MARC

Tag First Indicator Second Indicator Subfields
LEADER 00000cam a2200000Ia 4500
001 in00003852154
005 20190415181542.0
006 m o d
007 cr |n||||||||n
008 820719s1904 enkacf o 001 0aeng c
035 |a (MiFhGG)MOMW203078 
035 |a (OCoLC)468836485 
040 |a TGPSM  |c UtOrBLW  |d UtOrBLW 
043 |a e-uk--- 
050 4 |a HE3016  |b .N445 1904 
100 1 |a Neele, George P.  |q (George Potter),  |d 1825-1921.  |0 http://id.loc.gov/authorities/names/no2012033113 
245 1 0 |a Railway reminiscences /  |c by George P. Neele. 
264 1 |a London :  |b McCorquodale and Company, Limited, printers,  |c 1904. 
300 |a 1 online resource (vi, 2 unnumbered pages, 544 pages, 6 unnumbered leaves of plates) :  |b illustrations, portraits. 
336 |a text  |b txt  |2 rdacontent 
337 |a computer  |b c  |2 rdamedia 
338 |a online resource  |b cr  |2 rdacarrier 
490 1 |a The making of the modern world. Part 2 (1851-1914) 
500 |a Reproduction from the The Goldsmiths' Library of Economic Literature, Senate House Library, University of London. 
500 |a "Notes and reminiscences of half a century's progress in railway working, and of a railway superintendent's life, principally on the London and North Western Railway, with some supplementary memoranda as to the railway journeys to and from Scotland made by Her Late Majesty Queen Victoria." 
500 |a Includes index. 
500 |a Electronic resource. 
600 1 0 |a Neele, George P.  |q (George Potter),  |d 1825-1921.  |0 http://id.loc.gov/authorities/names/no2012033113 
610 2 0 |a London and North-Western Railway.  |0 http://id.loc.gov/authorities/names/n50053466 
650 0 |a Railroads  |z Great Britain.  |0 http://id.loc.gov/authorities/subjects/sh85111114 
655 7 |a Electronic books.  |2 local 
710 2 |a Gale (Firm)  |0 http://id.loc.gov/authorities/names/no2008071348 
830 0 |a Making of the modern world. Part 2 (1851-1914) 
856 4 0 |u http://proxy.library.tamu.edu/login?url=http://find.galegroup.com/openurl/openurl?url_ver=Z39.88-2004&url_ctx_fmt=info:ofi/fmt:kev:mtx:ctx&res_id=info:sid/gale:MOME&ctx_enc=info:ofi:enc:UTF-8&rft_val_fmt=info:ofi/fmt:kev:mtx:unknown&rft.artnum=U112767479&req_dat=info:sid/gale:ugnid:txshracd2898  |z Connect to the full text of this electronic book  |t 0 
999 f f |s f7380305-6d74-3c6a-8245-1d9ab4098d7f  |i d1b55aa7-173a-37fc-959c-17c8d1df6bd8  |t 0 
952 f f |a Texas A&M University  |b College Station  |c Electronic Resources  |d Available Online  |t 0  |e HE3016 .N445 1904  |h Library of Congress classification 
998 f f |a HE3016 .N445 1904  |t 0  |l Available Online